00369nam a22001337a 450000500170000000800410001704100080005808200180006610000220008424500570010626000550016330000090021865000080022720260226170645.0260226b |||||||| |||| 00| 0 eng d aeng a520.954-CHA-S aKHAN ,AHMAD SAEED aA BIBLOGRAPHY OF THE WORKS OF ABU'L-RAIHANAL-BIRUNI  aNEW DELHI bINDIAN NATIONAL SCIENCE ACADEMY c1982 a77;p aBGP